00563 2200181 4500001002100000005001500021035002000036245009500056100003200151300002100183700003200204260004000236082000800276084001700284020002200301600003200323990002600355INLIS00000000000082720251209095141 a0010-12250000141 aADOBE Lightroom 5 :bpanduan lengkap fotografer profesional /cTIM LITBANG WAHANA KOMPUTER0 aTIM LITBANG WAHANA KOMPUTER a194 hlm ;c23 cm0 aTIM LITBANG WAHANA KOMPUTER aYogyakarta :bCV Andi Offset,c2015 a778 a778 Sig a.c3 a978-979-29-5242-1 4aTIM LITBANG WAHANA KOMPUTER a2018/SMKMIRI/2136/001